000 00903nam a2200241 a 4500
001 59806
003 BD-RjUL
005 20211209080754.0
008 161227s1983 bg ||||| |||| 00| 0 ben d
020 _c: Tk. 46.00
035 _a(BD-RjUL)59930
040 _aBD-RjUL
_bben
_cBD-RjUL
041 _aben
082 _223
_a343.052
_bNUA 1983
100 _aনুরুন্নবি, এম.
_9135152
245 1 0 _aআয়কর আইন [ সম্পদ কর ও দান কর আইন সহ ] = Income-tax law with wealth-tax and gift-tax law /
_cএম. নুরুন্নবি
250 _a৪র্থ সং.
260 _aরাজশাহী :
_bবেগম গুলশান আরা,
_c১৯৮৩
300 _avi, ৩৫৮ পৃ. ;
_c১৯ সেমি
650 _aআয়কর আইন
_9118704
650 _aIncome tax Law
_9135153
942 _2ddc
_cBK
999 _c59806
_d59806